Fyzikální chemie struktura hmoty

Salvato in:
Dettagli Bibliografici
Altri autori: Pelikán, Peter, 1939
Natura: Libro
Lingua:ceco
Pubblicazione: Brno VUTIUM 2000
Edizione:Vyd. 1
Soggetti:
Accesso online:Visualizza in OPAC
Tags: Aggiungi Tag
Nessun Tag, puoi essere il primo ad aggiungerne!!

MARC

LEADER 00000nam a2200000 a 4500
005 20260127134245.0
008 061006 2000 xr 000 0 cze d
020 |a 8021415835 
035 |a vtls008852820 
039 9 |a 200610061150  |b mschk03  |y 200610061149  |z mschk03 
040 |a STUSCHK1  |b slo  |c STUSCHK1  |e AACR2 
080 |a 544.18(075.8) 
080 |a 543.42(075.8) 
080 |a 530.145(075.8) 
245 1 |a Fyzikální chemie  |b struktura hmoty  |c Peter Pelikán ...[et al.] 
250 |a Vyd. 1 
260 |a Brno  |b VUTIUM  |c 2000 
300 |a 238 s. : il.; 30 cm 
500 |a vysokoškolská učebnica 
650 0 |a kvantová mechanika 
650 0 |a kvantová chémia 
650 0 |a molekulární spektroskopie 
700 |a Pelikán, Peter, 1939 
910 |a SCHK95 
919 |a 80-214-1583-5 
999 |c 8038  |d 8038